000 00275nam a2200097Ia 4500
082 _a650|BUSI
245 0 _aBusiness functions : an introduction
100 _a van Zyl J Claremont, South Africa, 2012
_965227
942 _cBK
008 210817s9999 xx 000 0 und d
999 _c208239
_d208238